| 000 | 00867na a2200301 4500 | ||
|---|---|---|---|
| 001 | 19068 | ||
| 003 | MIRAKIL | ||
| 005 | 20181213154939.0 | ||
| 008 | 161208b tu 000 0 | ||
| 040 |
_aMilas _btur _cTR-AnCHP |
||
| 041 | _atur | ||
| 082 |
_a327.9563 _bÇ25o 1988 |
||
| 090 | _a327.9563 Ç25o 1988 | ||
| 100 | _aÇandar, Cengiz | ||
| 245 |
_aOrtadoğu çıkmazı _cCengiz Çandar |
||
| 250 | _a4. bs. | ||
| 260 |
_aİstanbul _bSeçkin yayıncılık _c1988 |
||
| 300 |
_a240 s. _c19 sm. |
||
| 440 |
_aSeçkin yayıncılık _v15 |
||
| 504 | _aKaynakça var. | ||
| 651 |
_aOrta Doğu _xSiyasal koşullar |
||
| 651 |
_aOrta Doğu _xDış ilişkiler |
||
| 651 |
_aİslam ülkeleri _xDış ilişkiler |
||
| 651 |
_aOrta Doğu _xSiyaset ve yönetim _zTarih |
||
| 657 | _aBüyük Ortadoğu Projesi | ||
| 700 | _aGürtuna, Anıl | ||
| 942 |
_2ddc _cBKS |
||
| 999 |
_c3659 _d3659 |
||